Levantamento de reconhecimento dos solos do oeste do Estado do Parana : informe preliminar /

Bibliographic Details
Corporate Author: Brazil. Divisão de Pesquisa Pedológica
Format: Book
Language:Portuguese
Published: Curitiba : A Divisao, 1972.
Series:Boletim técnico (Brazil. Divisão de Pesquisa Pedológica) ; no. 39.
Subjects:

MARC

Tag First Indicator Second Indicator Subfields
LEADER 00000cam a2200000 a 4500
001 in00000511136
005 20151013070048.0
008 800724s1972 bl af b f00010 por d
035 |a (OCoLC)06545628 
035 |9 ACD9878AM 
040 |a IXA  |c IXA  |d m.c.  |d TXA  |d UtOrBLW 
049 |a TXAM  |c [1676059] 
090 |a S599.3.B7  |b B7a no. 39 
110 1 |a Brazil.  |b Divisão de Pesquisa Pedológica. 
245 1 0 |a Levantamento de reconhecimento dos solos do oeste do Estado do Parana :  |b informe preliminar /  |c Ministerio da Agricultura, Departamento Nacional de Pesquisa Agropecuaria, Divisao de Pesquisa Pedologica. 
264 1 |a Curitiba :  |b A Divisao,  |c 1972. 
300 |a 97 pages, 4 unnumbered pages of plates :  |b illustrations ;  |c 30 cm. 
336 |a text  |b txt  |2 rdacontent 
337 |a unmediated  |b n  |2 rdamedia 
338 |a volume  |b nc  |2 rdacarrier 
490 1 |a Boletim tecnico / Divisao de Pesquisa Pedologica ;  |v no. 39 
500 |a "Convenios: MA/DPP-CERENA, MA/DPP-IBC/GERCA, MA/CONTAP/USAID/ETA." 
504 |a Bibliography: pages 95-97. 
650 0 |a Soils  |z Brazil  |z Paraná (State) 
830 0 |a Boletim técnico (Brazil. Divisão de Pesquisa Pedológica) ;  |v no. 39. 
999 |a MARS 
999 f f |s f58aaa69-544c-35a8-9e8f-6617b2e17f75  |i 998f00de-5a49-3c09-9e06-7b150f384d65  |t 0 
952 f f |p ric  |a Texas A&M University  |b Rellis Campus  |c Joint Library Facility  |d Remote Storage  |t 0  |e S599.3.B7 B7a no. 39  |h Library of Congress classification  |i unmediated -- volume  |m A14807844884 
998 f f |a S599.3.B7 B7a no. 39  |t 0  |l Remote Storage